00356 2200121 4500001002100000005001500021035002400036090001600060245008700076260003100163300002200194990001800216YOGYA00000000010335120140823132639 0010-081400000100010 aBR 3007 Pem aPemantapan Menghadapi Ujian Nasional dan Ujian Sekolah SMA/MA IPS 2007-2008 Vol 11 aBandungbYrama Widyac2008 a[80] hlm.c29 cm. a48660-PD/B.09